• 首页
  • 本馆介绍
  • 公告通知
  • 最新文献
  • 馆藏检索
  • 电子资源
  • 读者导购
  • 参考咨询
  • 我的图书馆
  • 登录
  • 详细信息显示
  • 放入我的书架
  • 预约/预借图书
  • 作者相关作品
  • 分类相关作品
  • 丛书相关作品
  • 出版社相关作品

书目信息

  • 表格格式
  • 工作单格式
  • 卡片格式
题名:
植物组织培养
    
 
作者: 王振龙 主编
分册:  
出版信息: 北京   中国农业大学出版社  2007
页数: 292页
开本: 23cm
丛书名:
单 册:
中图分类: Q943.1
科图分类:
主题词: 植物组织--组织培养--高等教育--教材
电子资源:
ISBN: 978-7-81117-293-5
000 00809nam0 2200241 450-
001 0101518523
005 20080310103758.0
010    @a978-7-81117-293-5@dCNY29.00
100    @a20080109d2007 em y0chiy0120 ea
101 0  @achi
102    @aCN@b110000
105    @aa z 000yy
106    @ar
200 1  @a植物组织培养@9Zhi Wu Zu Zhi Pei Yang @f王振龙主编@b专著
210    @a北京@c中国农业大学出版社@d2007
215    @a292页@c图@d23cm
300    @a高职高专教育“十一五”规划教材
330    @a本书共分10章,具体内容包括:实验室与育苗工厂的设计、器官培养、脱毒苗的培养、花粉植株诱导、种质资源的离体保存等。
606 0  @a植物组织@x组织培养@x高等教育@j教材
690    @aQ943.1@v4
701  0 @a王振龙@f(1968~)@4主编@9wang zhen long
801  0 @aCN@b110120@c20070725
905    @aBZT@dQ943.1@e6@f2@sQ943.1/6
    
    植物组织培养/王振龙主编.-北京:中国农业大学出版社,2007
    292页:图;23cm
    高职高专教育“十一五”规划教材
    
    ISBN 978-7-81117-293-5:CNY29.00
    本书共分10章,具体内容包括:实验室与育苗工厂的设计、器官培养、脱毒苗的培养、花粉植株诱导、种质资源的离体保存等。
●
相关链接 在五车中查询图书 在当当中查询图书 在豆瓣中查询图书


正题名:植物组织培养     索取号:Q943.1/6         预约/预借

序号 登录号 条形码 馆藏地/架位号 状态 备注
1 2000128236   2000128236   旧书回溯/ [索取号:Q943.1/6] 在馆    
2 2000128237   2000128237   旧书回溯/ [索取号:Q943.1/6] 在馆    
山东省滨州职业学院图书馆 欢迎您!
大连网信软件有限公司© 版权所有